000 00575nam a22001577a 4500
003 NUST
038 _aNusrat Nadeem
082 _a200
100 _aNayab, Iqra
_9131105
245 _aThe impact of Career Sustainability, and Transactive Memory System on Knowledge Sharing: The moderating effect of Social Networks/
_cIqra Nayab,
264 _aIslamabad:
_bNBS NUST.
_c2025.
650 _aMS-Management and Human Resource
_9122991
700 _aSupervisor: Dr.Mehvish Iftikhar
_9131106
856 _u http://10.250.8.41:8080/xmlui/handle/123456789/55650
942 _2ddc
_cSC
999 _c615163
_d615163